=LDR 00000nam 2200000 4500 =001 INLIS000000000010768 =005 20130612102403 =008 ***********************************Ind** =035 ##$$0010-061300000010768 =041 ##$$a Ind =082 ##$$a 410 =090 ##$$a 410, Med =100 ##$$a Medan, Tamsin =245 ##$$a Autologi kebahasaan, Tamisn Medan; penyunting, Muhardi =260 ##$$a 1988 $b Padang =300 ##$$a 235 hlm, 21 cm =650 ##$$a Bahasa Indonesia =700 ##$$a Muhardi =850 ##$$a NBPNMAT